000 00391nam a22001577a 4500
003 MPLRDC
005 20220104114230.0
008 210129b ||||| |||| 00| 0 eng d
082 _a857.46 HJQ c.2
100 _a华积庆编
245 _a水浒英雄外传
_c
260 _a
_b宝文堂书店
_c
300 _b
650 _a话本小说及章回--水浒传
942 _cBK
_o857.46 HJQ c.2
999 _c5873
_d5863